000 01149nam a22002777a 4500
005 20180210114357.0
008 131126b xxu||||| |||| 00| 0 eng d
010 _aPUN-7722 B-577579-582 B-669940
020 _c275.00
035 _aPN-6840 B-577579-582
035 _aB-669940
037 _bDBAD / PUB
037 _bKKP/Vender
037 _bArsee Publishers
040 _adpl
_bpn
082 _a
100 _aਸਹਿਰਾਈ,ਹਰਨਾਮ ਦਾਸ
245 _aਦੇਹਿ ਸ਼ਿਵਾ ਬਰ ਮੋਹਿ ਇਹੈ /
_cਹਰਨਾਮ ਦਾਸ ਸਹਿਰਾਈ
246 _aDeh shiva bar mohe eh
_bby Harnam Dass Seharai
260 _aDelhi
_bArsee Publishers
_c2013
270 _bDelhi
_aChandni Chowk
_k011-65966481
300 4 _a179p.
_c22ਸੇਂਮੀ (ਸਜਿਲੱਦ)
942 _2ddc
_cPN
_h
_mਸਹਿਰਾ
999 _c80883
_d80883